سر ی مد بھگو ت گيتا (Record no. 187208)
[ view plain ]
| 000 -LEADER | |
|---|---|
| fixed length control field | 00709nam a22001937a 4500 |
| 005 - DATE AND TIME OF LATEST TRANSACTION | |
| control field | 20220406112143.0 |
| 010 ## - LCCN (DPL NO) | |
| LC control number | UR-11512 |
| 020 ## - INTERNATIONAL STANDARD BOOK NUMBER | |
| Terms of availability | 350.00 |
| International Standard Book Number | - |
| 035 ## - SYSTEM CONTROL NUMBER | |
| System control number | U-10067 |
| 037 ## - SOURCE OF ACQUISITION | |
| Source of stock number/acquisition | DBAD/PUB |
| Stock number | - |
| 082 ## - DEWEY DECIMAL CLASSIFICATION NUMBER | |
| Classification number | 181.45 |
| Edition number | Ist |
| 100 ## - MAIN ENTRY--PERSONAL NAME | |
| Personal name | منشی پنہ لا ل بھا ر گو |
| 245 ## - TITLE STATEMENT | |
| Title | سر ی مد بھگو ت گيتا |
| Statement of responsibility, etc | منشی پنہ لا ل بھا ر گو |
| Medium | ا ر د و |
| 246 ## - VARYING FORM OF TITLE | |
| Remainder of title | Srimad Bhagwat Geeta (Urdu) |
| Title proper/short title | by Munshi Panna Lal Bhargawa |
| 260 ## - PUBLICATION, DISTRIBUTION, ETC. (IMPRINT) | |
| Place of publication, distribution, etc | Rajisthan |
| Name of publisher, distributor, etc | Azizullah Sherani |
| Date of publication, distribution, etc | 2021 ء |
| 270 ## - ADDRESS | |
| Address | Farhat Manzil,Kali Paltan Near Dewanji Ka Kuan,Tonk, |
| City | Rajisthan |
| Postal code | 304001 |
| Telephone number | 8078602224 |
| Fax number | - |
| 300 ## - PHYSICAL DESCRIPTION | |
| Extent | 184 ص |
| Dimensions | 22 Cm(Hb) |
| 942 ## - ADDED ENTRY ELEMENTS (KOHA) | |
| Source of classification or shelving scheme | Dewey Decimal Classification |
| Item type | Urdu Bks |
| Classification part | 181.45 |
| Call number suffix | ب ھ گ |
| Withdrawn status | Lost status | Not for loan | Collection code | Home library | Current library | Date acquired | Source of acquisition | Cost, normal purchase price | Full call number | Barcode | Copy number | Cost, replacement price | Koha item type |
|---|---|---|---|---|---|---|---|---|---|---|---|---|---|
| Not For Loan | Non-fiction | D.B.Act.Division | Central Library | 06/04/2022 | DBAD/PUB | 350.00 | 181.45 ب ھ گ | U-10067 | 1 | 350.00 | Urdu Bks |
